000 00492nam a22001932 4500
001 0000001166
005 20170406113219.0
008 131210s xx 000 0 eng d
020 _c$
040 _aYour Holding Symbol
_cYour Holding Symbol
100 1 _aCheyney,P Edward.
245 1 4 _aThe Dawn of new era.
250 _a ed.
260 _anew york :
_bharper,
_c1936.
300 _a389 p. :
_bill ;
_c cm.
504 _aindex.
650 0 _ahistory.
908 _a131210
999 _c1083
_d1083